000 00601nam a2200265Ia 4500
005 20260306164004.0
008 008 260114s9999 xx 000 0 eng d
020 _a9780300216264
037 _aEBOOK
040 _aCRL
040 _beng
040 _cCRL
041 _2eng
041 _aeng
084 _qCRL
100 _aCalabresi
_9909937
245 4 _aThe Future Of Law And Economics
260 _bYale University Press
260 _c2016
650 _aLaw
856 _uhttps://academic.oup.com/book/35677
942 _cEBOOK
999 _c1712305
_d1712305